Крылатые мысли Карла Маркса: из произведений и писем

Opis bibliograficzny
1. autor: Маркс К. Карл
Kolejni autorzy: Усиков Р. А. (составитель автор предисловия)
Streszczenie: Авт. не указан
Загл. указано на корешке
В суперобложке.
Język:rosyjski
Wydane: Новосибирск, Новосибирское кн. изд-во, 1988
Hasła przedmiotowe:
Format: Książka
KOHA link:https://koha.lib.tpu.ru/cgi-bin/koha/opac-detail.pl?biblionumber=245170

MARC

LEADER 00000nam0a2200000 4500
001 245170
005 20231101232116.0
010 |b 5000 экз. 
035 |a (RuTPU)RU\TPU\book\266576 
035 |a RU\TPU\book\247842 
090 |a 245170 
100 |a 20131106d1988 m y0rusy50 ca 
101 0 |a rus 
102 |a RU 
105 |a ac z 000zy 
200 1 |a Крылатые мысли Карла Маркса  |e из произведений и писем  |f К. Маркс  |g сост. и авт. вступит. ст. Р. А. Усиков 
210 |a Новосибирск  |c Новосибирское кн. изд-во  |d 1988 
215 |a 220 с.  |c ил., портр.  |d 9,5 см. 
300 |a  Авт. не указан 
300 |a Загл. указано на корешке 
300 |a В суперобложке. 
610 1 |a крылатые выражения 
610 1 |a изречения 
610 1 |a высказывания 
610 1 |a миниатюрные издания 
686 |a Ч611.68  |v LBC/SL-A  |2 rubbk 
700 1 |a Маркс  |b К.  |c немецкий мыслитель  |c общественный деятель  |c основоположник марксизма  |f 1818-1883  |g Карл  |2 stltpush  |3 (RuTPU)RU\TPU\pers\297  |9 147 
702 1 |a Усиков  |b Р. А.  |4 220  |4 080 
801 1 |a RU  |b 63413507  |c 20121206 
801 2 |a RU  |b 63413507  |c 20131106  |g RCR 
942 |c BK